LEADER 02924nam0 2200469 i 450 001 BVEE022578 005 20170908093212.0 012 $as.de duru **** **** (3) 1554 (R)$2fei$9* = caratteri greci. 100 $a20100317d1554 ||||0itac50 ba 101 | $agrc$alat 102 $afr 181 1$6z01$ai $bxxxe 182 1$6z01$an 200 1 $a˜Dionysiou tou Alikarnasseōs œPros Gnaion Pompēion epistolē. Tou autou Epistolē pros Ammaion. Dionysij Halicarnassei Responsio ad Gn. Pompeij epistolam, in qua ille de reprehenso ab eo Platonis stylo conquerebatur. Eiusdem Ad Ammaeum epistola. Alia praeterea, quae tertia pagina recensentur 210 $aLutetiae$capud Carolum Stephanum, typographum regium$d1554$eLutetiae Parisiorum$gexcudebat Henricus Stephanus$h1553. Non. Decemb. [5 XII] 215 $a[16], 78, [2] p.$d8º 300 $aA cura di Henri Estienne, il cui nome figura nella pref 300 $aMarca (S 959) sul front 300 $aCors. ; gr. ; rom 300 $aSegn.: [ast]⁸A-E⁸ 300 $aIniziali e fregi xil. 316 $a1 vol.$5IT-NA0243, F. PRESEPEXVI 19/1 510 1 $a˜Dionysij Halicarnassei œResponsio ad Gn. Pompeij epistolam, in qua ille de reprehenso ab eo Platonis stylo conquerebatur.$9BVEE022579 620 $dParigi$3TO0L002626 700 0$aDionysius : Halicarnassensis$3CFIV060483$4070$0714438 702 1$aEstienne$b, Henri$f <1528?-1598>$3PUVV021908 712 02$aEstienne, Henri$d <2.>$3BVEV028870$4650 712 02$aEstienne, Charles$3BVEV037374$4650 790 0$aDionigi : di Alicarnasso$3CFIV154719$zDionysius : Halicarnassensis 790 0$aDionysius : Halicarnasseus$3CFIV158906$zDionysius : Halicarnassensis 790 0$aDenys : d'Halicarnasse$3CFIV158936$zDionysius : Halicarnassensis 790 1$aStephanus$b, Henricus$3PUVV157061$zEstienne, Henri <1528?-1598> 790 1$aStefano$b, Errigo$3VEAV055598$zEstienne, Henri <1528?-1598> 791 02$aStephanus, Carolus$3USMV610968$zEstienne, Charles 801 3$aIT$bIT-NA0079$c20100317 850 $aIT-NA0243 912 $aBVEE022578 921 $aRMLM000126$bUomo indicante albero con rami spezzati e cartiglio con motto: Noli altum sapere$cR299$cS959$dSul front. 950 0$aCentro Librario e Bibliotecario per la Diffusione della cultura$bMancano le carte E5-8.$c1 v.$d 67F. PRESEPEXVI 19/1$e 67ANT0000122225 B 1 vol.$fZ $h20100317$i20100317 977 $a 67 996 $aPros Gnaion Pompēion epistolē. Tou autou Epistolē pros Ammaion. Dionysij Halicarnassei Responsio ad Gn. Pompeij epistolam, in qua ille de reprehenso ab eo Platonis stylo conquerebatur. Eiusdem Ad Ammaeum epistola. Alia praeterea, quae tertia pagina recensentur$91480619 997 $aUNISANNIO LEADER 01668nam 2200421 450 001 000017087 005 20060222122856.0 010 $a0-12-182081-5$bVol. 180 P. A 010 $a0-12-182082-3$bVol. 181 P. B 100 $a20031210d--------km-y0itay0103----ba 200 1 $aRNA Processing$fedited by James E. Dahlberg, John N. Abelson 210 $aSan Diego...[etc.]$cAcademic Press 215 $av.$cill.$d24 cm 327 1 $aParte A: General methods. - c1989. XXIX, 600 p.$aParte B: Specific methods. - XXIX, 651 p. 410 1$12001$aMethods in enzymology$v180, 181 559 1 $aGeneral methods 559 1 $aSpecific methods 606 1 $aAcido ribonucleico 676 $a572.88$v(21. ed.)$9Genetica biochimica. RNA (Acido ribonucleico) 702 1$aDahlberg,$bJames E. 702 1$aAbelson,$bJohn 801 0$aIT$bUniversit della Basilicata - B.I.A.$gRICA$2unimarc 912 $a000017087 996 $aRNA Processing$984833 997 $aUNIBAS BAS $aAGRARIA CAT $aSTD031$b01$c20031210$lBAS01$h1313 CAT $c20050601$lBAS01$h1756 CAT $abatch$b01$c20050718$lBAS01$h1053 CAT $c20050718$lBAS01$h1112 CAT $c20050718$lBAS01$h1142 CAT $c20050718$lBAS01$h1156 CAT $aTTM$b30$c20060126$lBAS01$h1137 CAT $aTTM$b30$c20060222$lBAS01$h1227 CAT $aTTM$b30$c20060222$lBAS01$h1228 FMT Z30 -1$lBAS01$LBAS01$mBOOK$1BASA2$APolo Tecnico-Scientifico$2DID$BDidattica$3PTS$673608$5A73608$820060222$eXXIX, 600$f98$FConsultazione Z30 -1$lBAS01$LBAS01$mBOOK$1BASA2$APolo Tecnico-Scientifico$2DID$BDidattica$3PTS$673609$5A73609$820060222$eXXIX, 651$f98$FConsultazione